The Silmarillion: Who Did or Didn't Get Married? - Statistics

General Stats
  • This quiz has been taken 22 times
  • The average score is 9 of 10
Answer Stats
Question Answer % Correct
Who Didn't Marry? Celebrimbor
100%
Who didn't marry? Elrohir
100%
Who DIDN'T marry? Maeglin
100%
Who DID marry? Miriel Serinde
100%
Who Didn't marry? Elladan
95%
Who Did Marry? Idril Celebrindal
95%
Who DID get married? Curufin
90%
Who DID marry? Morwen
90%
Who Did Marry? Tuor
90%
Who Didn't marry? Fingon
25%
No matching quizzes found
Score Distribution
Percent of People with Each Score
Percentile by Number Answered
Your Score History
You have not taken this quiz